Danny Boy's General Knowledge Quiz #2 - Statistics

General Stats
  • This quiz has been taken 62 times
  • The average score is 12 of 20
Answer Stats
Hint Answer % Correct
What is the Currency of France? Euro
91%
Which island is known as the Emerald Isle? Ireland
89%
Germany invaded which Country on 1st September 1939? Poland
89%
What does FBI stand for? Federal Bureau of Investigations
84%
What is the French word for Cheese? Fromage
82%
...and who was it's Author? J.R.R Tolkien
78%
What is the name of Chicago's main Airport? O'Hare
76%
What does Jason Bourne suffer from in the Bourne films? Amnesia
71%
Who won the FIFA World Cup in 2010? Spain
69%
What is the Address of the British Prime Minister? 10 Downing Street
62%
Whisky is an Alcoholic Drink native to what Country? Scotland
62%
How many Countries are there in the World? 196
56%
What is the name of the main Train Station in New York City? Grand Central Station
56%
Who is the Vice President of the United States? Joe Biden
56%
Who Directed the Lord of the Rings films? Peter Jackson
55%
What is the capital of Bolivia? La Paz
51%
What Band is Eddie Vedder the Lead Singer of? Pearl Jam
27%
Who sang the song 'Otis' in 2011 with Jay-Z? Kanye West
25%
Currently, Who is the World's richest man? Carlos Slim
20%
In which year was the deadly volcanic eruption of Krakatoa? 1883
15%
No matching quizzes found
Score Distribution
Percent of People with Each Score
Percentile by Number Answered
Your Score History
You have not taken this quiz